000 00941nas a2200289 4500
001 BR7904570
003 BR-BrBNA
005 20231205083830.0
007 ta
008 230509b bl.|||p| |||| 00| 00por d
040 _aBR-BrBNA
_bpor
_cBiblioteca Nacional de Agricultura
041 _a(Pt)
072 _aL20
100 1 _aAlho, C.J.R.
100 1 _aCarvalho, A.G. de
100 1 _aPadua, L.F.M. de
245 1 _aEcologia da tartaruga da Amazonia e avaliacao de seu manejo na reserva biologica do Trombetas [Brasil]
246 1 _a[Ecology of the Amazonian turtle and its treatment in the Trombetas biological reserve [Brazil]]
650 _aEcologia animal
650 _aTartaruga
650 _aMeio ambiente
650 _aManejo
650 _aAmazonia
773 0 _tBrasil Florestal (Brazil)
_xISSN 0045-270X
_g(Apr 1979), v. 9(38) p. 29-47
_wBR7904570
909 _a202311
_bLúcia
_c55
_dLúcia Elande
942 _2AGRIS
_n0
_cANA
999 _c101471
_d101471